[Event "Russian Women's Higher League 2021"]
[Site "?"]
[Date "2021.07.05"]
[Round "9.15"]
[White "Faizutdinova, Diana"]
[Black "Girya, Olga"]
[Result "0-1"]
[WhiteElo "2027"]
[BlackElo "2448"]
[Annotator ""]
[Source ""]
[Remark ""]

1.c4 {[%clk 1:30:57]} Nf6 {[%clk 1:30:51]} 2.Nc3 {[%clk 1:31:18]}
e5 {[%clk 1:31:17]} 3.Nf3 {[%clk 1:31:33]} Nc6 {[%clk 1:31:22]}
4.e4 {[%clk 1:31:38]} Bb4 {[%clk 1:29:56]} 5.d3 {[%clk 1:31:49]}
d6 {[%clk 1:26:42]} 6.a3 {[%clk 1:29:49]} Bc5 {[%clk 1:23:04]}
7.b4 {[%clk 1:28:46]} Bb6 {[%clk 1:23:28]} 8.Na4 {[%clk 1:28:04]}
Bd4 {[%clk 1:22:08]} 9.Nxd4 {[%clk 1:24:40]} Nxd4 {[%clk 1:22:27]}
10.Be2 {[%clk 1:21:15]} b5 {[%clk 0:57:50]} 11.Nc3 {[%clk 1:04:19]}
a6 {[%clk 0:54:35]} 12.O-O {[%clk 0:56:55]} Bb7 {[%clk 0:52:15]}
13.cxb5 {[%clk 0:53:12]} axb5 {[%clk 0:51:32]} 14.f4 {[%clk 0:53:08]}
Qd7 {[%clk 0:44:05]} 15.Be3 {[%clk 0:44:24]} Ra6 {[%clk 0:38:11]}
16.Bxd4 {[%clk 0:25:32]} exd4 {[%clk 0:38:36]} 17.Nb1 {[%clk 0:24:57]}
O-O {[%clk 0:38:22]} 18.Nd2 {[%clk 0:23:44]} Qc6 {[%clk 0:30:34]}
19.Rc1 {[%clk 0:18:52]} Qb6 {[%clk 0:30:30]} 20.Nb1 {[%clk 0:18:58]}
Nxe4 {[%clk 0:22:57]} 21.dxe4 {[%clk 0:15:22]} d3+ {[%clk 0:23:23]}
22.Kh1 {[%clk 0:15:25]} dxe2 {[%clk 0:23:47]} 23.Qxe2 {[%clk 0:15:51]}
Re8 {[%clk 0:23:46]} 24.Nc3 {[%clk 0:15:06]} Rxa3 {[%clk 0:18:05]}
25.Qxb5 {[%clk 0:15:11]} Qxb5 {[%clk 0:17:02]} 26.Nxb5 {[%clk 0:15:35]}
Ra2 {[%clk 0:17:30]} 27.Ra1 {[%clk 0:11:01]} Rxa1 {[%clk 0:16:52]}
28.Rxa1 {[%clk 0:11:27]} Rxe4 {[%clk 0:17:07]} 29.Nxc7 {[%clk 0:11:07]}
Rxb4 {[%clk 0:16:46]} 30.Rd1 {[%clk 0:08:59]} Rb2 {[%clk 0:14:09]}
31.Kg1 {[%clk 0:09:10]} Rxg2+ {[%clk 0:12:15]} 32.Kf1 {[%clk 0:09:35]}
Rxh2 {[%clk 0:12:14]} 33.Rxd6 {[%clk 0:09:53]} Kf8 {[%clk 0:07:39]}
34.Rb6 {[%clk 0:09:26]} Bf3 {[%clk 0:08:01]} 35.Rb3 {[%clk 0:07:15]}
Rc2 {[%clk 0:08:04]} 36.Nb5 {[%clk 0:05:17]} Be2+ {[%clk 0:08:27]} 0-1

[Event "Russian Women's Higher League 2021"]
[Site "?"]
[Date "2021.07.05"]
[Round "9.16"]
[White "Tomilova, Elena"]
[Black "Kuznetsova, Marina"]
[Result "1-0"]
[WhiteElo "2353"]
[BlackElo "1964"]
[Annotator ""]
[Source ""]
[Remark ""]

1.Nf3 {[%clk 1:30:58]} Nf6 {[%clk 1:30:53]} 2.c4 {[%clk 1:31:23]}
e6 {[%clk 1:31:18]} 3.Nc3 {[%clk 1:31:49]} Bb4 {[%clk 1:31:31]}
4.Qc2 {[%clk 1:32:14]} O-O {[%clk 1:29:40]} 5.a3 {[%clk 1:32:32]}
Bxc3 {[%clk 1:29:54]} 6.Qxc3 {[%clk 1:32:56]} b6 {[%clk 1:27:27]}
7.b4 {[%clk 1:32:10]} d6 {[%clk 1:22:22]} 8.Bb2 {[%clk 1:30:30]}
e5 {[%clk 1:22:08]} 9.g3 {[%clk 1:23:58]} Bb7 {[%clk 1:20:51]}
10.Bg2 {[%clk 1:24:14]} Nbd7 {[%clk 1:18:35]} 11.O-O {[%clk 1:21:16]}
Rb8 {[%clk 1:14:49]} 12.d3 {[%clk 1:20:35]} Qe7 {[%clk 1:12:33]}
13.e4 {[%clk 1:19:32]} c6 {[%clk 0:53:48]} 14.Rfe1 {[%clk 1:15:52]}
Rfe8 {[%clk 0:47:56]} 15.Nh4 {[%clk 1:05:58]} d5 {[%clk 0:41:47]}
16.Nf5 {[%clk 0:59:29]} Qf8 {[%clk 0:39:10]} 17.cxd5 {[%clk 0:57:06]}
cxd5 {[%clk 0:38:56]} 18.Qd2 {[%clk 0:35:48]} h6 {[%clk 0:26:45]}
19.Rac1 {[%clk 0:32:55]} b5 {[%clk 0:20:53]} 20.Bh3 {[%clk 0:30:28]}
dxe4 {[%clk 0:18:40]} 21.dxe4 {[%clk 0:30:23]} Nb6 {[%clk 0:18:53]}
22.f3 {[%clk 0:27:44]} Nc4 {[%clk 0:18:37]} 23.Qf2 {[%clk 0:28:02]}
Red8 {[%clk 0:17:06]} 24.Bc3 {[%clk 0:27:26]} Nd7 {[%clk 0:12:40]}
25.Red1 {[%clk 0:25:37]} Ndb6 {[%clk 0:12:52]} 26.Qc5 {[%clk 0:25:39]}
Rxd1+ {[%clk 0:11:29]} 27.Rxd1 {[%clk 0:26:07]} Qxc5+ {[%clk 0:10:44]}
28.bxc5 {[%clk 0:26:33]} Na4 {[%clk 0:10:07]} 29.Bb4 {[%clk 0:23:56]}
a5 {[%clk 0:09:09]} 30.c6 {[%clk 0:20:38]} Bxc6 {[%clk 0:04:39]}
31.Ne7+ {[%clk 0:20:43]} Kh7 {[%clk 0:05:01]} 32.Nxc6 {[%clk 0:21:07]}
axb4 {[%clk 0:04:55]} 33.Nxb8 {[%clk 0:14:51]} b3 {[%clk 0:05:05]}
34.Bf1 {[%clk 0:13:02]} b2 {[%clk 0:04:47]} 35.Bd3 {[%clk 0:12:52]}
Nc3 {[%clk 0:04:02]} 36.Re1 {[%clk 0:10:48]} Nd2 {[%clk 0:01:44]}
37.Kf2 {[%clk 0:09:45]} Nc4 {[%clk 0:00:54]} 38.Nc6 {[%clk 0:09:43]}
Nxa3 {[%clk 0:00:40]} 39.Nxe5 {[%clk 0:07:14]} Na2 {[%clk 0:00:46]}
40.Nxf7 {[%clk 0:37:06]} Nc1 {[%clk 0:30:50]} 41.Ke3 {[%clk 0:36:28]}
Nxd3 {[%clk 0:28:23]} 42.Kxd3 {[%clk 0:35:46]} b1Q+ {[%clk 0:28:47]}
43.Rxb1 {[%clk 0:36:13]} Nxb1 {[%clk 0:29:12]} 44.Nd6 {[%clk 0:31:14]}
b4 {[%clk 0:27:21]} 45.Nb5 {[%clk 0:31:34]} b3 {[%clk 0:26:24]}
46.Nd4 {[%clk 0:31:44]} b2 {[%clk 0:25:56]} 47.Kc2 {[%clk 0:31:38]}
Nd2 {[%clk 0:25:41]} 48.Kxb2 {[%clk 0:32:02]} Nf1 {[%clk 0:26:04]}
49.Kc2 {[%clk 0:26:26]} Nxh2 {[%clk 0:16:03]} 50.Kd3 {[%clk 0:26:15]}
Nf1 {[%clk 0:16:01]} 51.g4 {[%clk 0:26:25]} Kg6 {[%clk 0:10:45]}
52.Ke2 {[%clk 0:25:00]} Nh2 {[%clk 0:11:01]} 53.Kf2 {[%clk 0:23:02]}
Kg5 {[%clk 0:08:27]} 54.e5 {[%clk 0:22:02]} h5 {[%clk 0:05:13]}
55.e6 {[%clk 0:22:09]} Kf6 {[%clk 0:04:09]} 56.gxh5 {[%clk 0:22:28]}
Ke7 {[%clk 0:04:14]} 57.Kg2 {[%clk 0:22:49]} Nxf3 {[%clk 0:04:36]}
58.Kxf3 {[%clk 0:23:13]} 1-0

[Event "Russian Women's Higher League 2021"]
[Site "?"]
[Date "2021.07.05"]
[Round "9.17"]
[White "Baisheva, Nyurguiaana"]
[Black "Borisova, Ekaterina"]
[Result "0-1"]
[WhiteElo "1782"]
[BlackElo "2304"]
[Annotator ""]
[Source ""]
[Remark ""]

1.e4 {[%clk 1:30:57]} d6 {[%clk 1:30:49]} 2.d4 {[%clk 1:31:17]}
Nf6 {[%clk 1:31:15]} 3.Nc3 {[%clk 1:31:43]} Nbd7 {[%clk 1:31:41]}
4.Nf3 {[%clk 1:31:12]} e5 {[%clk 1:32:07]} 5.Bc4 {[%clk 1:31:17]}
Be7 {[%clk 1:32:33]} 6.O-O {[%clk 1:31:34]} O-O {[%clk 1:33:01]}
7.Re1 {[%clk 1:30:42]} c6 {[%clk 1:32:26]} 8.a4 {[%clk 1:31:06]}
a5 {[%clk 1:32:54]} 9.h3 {[%clk 1:30:06]} Nb6 {[%clk 1:33:19]}
10.Ba2 {[%clk 1:26:31]} Nfd7 {[%clk 1:32:57]} 11.dxe5 {[%clk 1:26:28]}
dxe5 {[%clk 1:32:28]} 12.Be3 {[%clk 1:24:46]} Qc7 {[%clk 1:32:41]}
13.Qe2 {[%clk 1:24:59]} Nc5 {[%clk 1:32:40]} 14.Bxc5 {[%clk 1:17:23]}
Bxc5 {[%clk 1:33:06]} 15.Rad1 {[%clk 1:17:45]} Bb4 {[%clk 1:31:55]}
16.Bb3 {[%clk 1:17:54]} Nd7 {[%clk 1:32:15]} 17.Nd2 {[%clk 1:13:25]}
Nc5 {[%clk 1:32:21]} 18.Qe3 {[%clk 1:11:12]} Ne6 {[%clk 1:30:25]}
19.Ne2 {[%clk 1:07:03]} Nc5 {[%clk 1:17:20]} 20.c3 {[%clk 1:04:45]}
Nxb3 {[%clk 1:17:43]} 21.Nxb3 {[%clk 1:05:11]} Be7 {[%clk 1:18:07]}
22.Nd2 {[%clk 0:57:15]} Be6 {[%clk 1:17:45]} 23.Nc1 {[%clk 0:55:38]}
Rad8 {[%clk 1:16:34]} 24.Nd3 {[%clk 0:55:50]} b6 {[%clk 1:16:45]}
25.b3 {[%clk 0:55:34]} Rd7 {[%clk 1:15:19]} 26.Nb2 {[%clk 0:51:16]}
Rfd8 {[%clk 1:15:25]} 27.Qe2 {[%clk 0:51:34]} Bc5 {[%clk 1:15:00]}
28.Rf1 {[%clk 0:47:36]} h6 {[%clk 1:15:08]} 29.c4 {[%clk 0:47:25]}
Ba3 {[%clk 1:10:02]} 30.Nf3 {[%clk 0:47:03]} Rxd1 {[%clk 1:10:27]}
31.Rxd1 {[%clk 0:46:07]} Rxd1+ {[%clk 1:10:43]} 32.Nxd1 {[%clk 0:46:33]}
Qd6 {[%clk 1:10:18]} 33.Ne3 {[%clk 0:45:09]} Bc5 {[%clk 1:08:31]}
34.Nf1 {[%clk 0:44:18]} g6 {[%clk 1:08:21]} 35.g4 {[%clk 0:39:48]}
b5 {[%clk 1:04:58]} 36.Kg2 {[%clk 0:33:59]} bxa4 {[%clk 1:04:52]}
37.bxa4 {[%clk 0:34:23]} Bd4 {[%clk 1:04:37]} 38.Qc2 {[%clk 0:33:29]}
Qb4 {[%clk 1:04:47]} 39.Nxd4 {[%clk 0:33:06]} exd4 {[%clk 1:05:11]}
40.Nd2 {[%clk 1:03:06]} c5 {[%clk 1:35:19]} 41.e5 {[%clk 1:00:49]}
Qc3 {[%clk 1:34:03]} 42.Qa2 {[%clk 1:01:02]} d3 {[%clk 1:34:13]}
43.f4 {[%clk 1:00:48]} Qd4 {[%clk 1:32:40]} 44.Kf3 {[%clk 1:00:23]}
Bd7 {[%clk 1:32:46]} 0-1

[Event "Russian Women's Higher League 2021"]
[Site "?"]
[Date "2021.07.05"]
[Round "9.18"]
[White "Miroshnik, Ekaterina"]
[Black "Tokmakova, Ulyana"]
[Result "1/2-1/2"]
[WhiteElo "2234"]
[BlackElo "1887"]
[Annotator ""]
[Source ""]
[Remark ""]

1.Nf3 {[%clk 1:26:37]} Nf6 {[%clk 1:30:50]} 2.b3 d5 {[%clk 1:28:30]}
3.Bb2 {[%clk 1:26:17]} e6 {[%clk 1:28:52]} 4.e3 {[%clk 1:26:41]}
c5 {[%clk 1:29:16]} 5.c4 {[%clk 1:26:11]} Nc6 {[%clk 1:29:05]}
6.cxd5 {[%clk 1:16:15]} exd5 {[%clk 1:29:25]} 7.Bb5 {[%clk 1:11:45]}
Bg4 {[%clk 1:24:28]} 8.O-O {[%clk 1:11:23]} Be7 {[%clk 1:23:56]}
9.Be2 {[%clk 1:06:20]} O-O {[%clk 1:20:22]} 10.d4 {[%clk 1:05:34]}
Rc8 {[%clk 1:13:02]} 11.dxc5 {[%clk 1:02:29]} Bxc5 {[%clk 1:12:48]}
12.Nc3 {[%clk 1:02:30]} Qd7 {[%clk 1:00:36]} 13.Rc1 {[%clk 1:00:57]}
Be7 {[%clk 1:00:21]} 14.Nd4 {[%clk 0:52:51]} Bxe2 {[%clk 0:49:35]}
15.Ncxe2 {[%clk 0:51:39]} Ne4 {[%clk 0:48:34]} 16.Nxc6 {[%clk 0:45:15]}
bxc6 {[%clk 0:47:47]} 17.f3 {[%clk 0:43:51]} Nf6 {[%clk 0:36:01]}
18.Nf4 {[%clk 0:41:44]} Rfe8 {[%clk 0:32:21]} 19.Qd2 {[%clk 0:32:43]}
Qf5 {[%clk 0:26:39]} 20.g4 {[%clk 0:18:49]} Qg5 {[%clk 0:26:47]}
21.Kg2 {[%clk 0:18:34]} Bd6 {[%clk 0:18:35]} 22.Bd4 {[%clk 0:12:38]}
a6 {[%clk 0:08:44]} 23.Rc2 {[%clk 0:06:52]} Nd7 {[%clk 0:06:55]}
24.Bb2 {[%clk 0:05:04]} Rxe3 {[%clk 0:03:17]} 25.Qxe3 {[%clk 0:05:25]}
Bxf4 {[%clk 0:03:39]} 26.Qd3 {[%clk 0:05:02]} Ne5 {[%clk 0:01:27]}
27.Bxe5 {[%clk 0:04:27]} Qxe5 {[%clk 0:01:45]} 28.Re2 {[%clk 0:03:35]}
Qc7 {[%clk 0:01:45]} 29.Qxa6 {[%clk 0:03:37]} g5 {[%clk 0:00:43]}
30.Rfe1 {[%clk 0:03:23]} Kg7 {[%clk 0:00:43]} 31.Re7 {[%clk 0:03:17]}
Qb8 {[%clk 0:00:40]} 32.Qd3 {[%clk 0:02:20]} Bxh2 {[%clk 0:00:37]}
33.Qf5 {[%clk 0:01:27]} Qg3+ {[%clk 0:00:38]} 34.Kf1 {[%clk 0:00:53]}
Rf8 {[%clk 0:00:44]} 35.Qxg5+ {[%clk 0:01:21]} Kh8 {[%clk 0:01:09]}
36.Qf6+ {[%clk 0:00:57]} Kg8 {[%clk 0:01:34]} 37.Ke2 {[%clk 0:00:52]}
Qg2+ {[%clk 0:01:05]} 38.Kd1 {[%clk 0:00:41]} Qxa2 {[%clk 0:01:20]}
39.Qc3 {[%clk 0:00:40]} Bf4 {[%clk 0:01:00]} 40.Qc2 {[%clk 0:30:42]}
Qa1+ {[%clk 0:31:05]} 41.Ke2 {[%clk 0:31:10]} Qf6 {[%clk 0:30:03]}
42.Kf2 {[%clk 0:22:52]} Qh4+ {[%clk 0:28:33]} 43.Kg1 {[%clk 0:22:52]}
d4 {[%clk 0:28:35]} 44.R7e4 {[%clk 0:15:12]} Be3+ {[%clk 0:26:29]}
45.R4xe3 {[%clk 0:12:15]} dxe3 {[%clk 0:26:48]} 46.Rxe3 {[%clk 0:12:27]}
Ra8 {[%clk 0:26:09]} 47.Kg2 {[%clk 0:11:56]} Qg5 {[%clk 0:22:38]}
48.Qe2 {[%clk 0:07:35]} Qd5 {[%clk 0:21:29]} 49.Kh3 {[%clk 0:05:43]}
h5 {[%clk 0:19:04]} 50.Re4 {[%clk 0:03:57]} hxg4+ {[%clk 0:19:22]}
51.Rxg4+ {[%clk 0:04:22]} Kf8 {[%clk 0:19:48]} 52.Qe3 {[%clk 0:04:01]}
Qh5+ {[%clk 0:19:56]} 53.Rh4 {[%clk 0:04:14]} Qf5+ {[%clk 0:20:22]}
54.Kg3 {[%clk 0:04:17]} Qg6+ {[%clk 0:20:43]} 55.Rg4 {[%clk 0:04:31]}
Qd6+ {[%clk 0:21:10]} 56.Qf4 {[%clk 0:03:49]} 1/2-1/2

[Event "Russian Women's Higher League 2021"]
[Site "?"]
[Date "2021.07.05"]
[Round "9.19"]
[White "Mikheeva, Galina"]
[Black "Khokhlova, Daria"]
[Result "1/2-1/2"]
[WhiteElo "1838"]
[BlackElo "2148"]
[Annotator ""]
[Source ""]
[Remark ""]

1.e4 {[%clk 1:30:57]} e6 {[%clk 1:30:57]} 2.d4 {[%clk 1:31:19]}
d5 {[%clk 1:31:24]} 3.e5 {[%clk 1:31:16]} c5 {[%clk 1:31:50]}
4.c3 {[%clk 1:31:43]} Qb6 {[%clk 1:32:17]} 5.Nf3 {[%clk 1:32:02]}
Nc6 {[%clk 1:32:44]} 6.a3 {[%clk 1:32:17]} Nge7 {[%clk 1:32:49]}
7.b4 {[%clk 1:29:50]} cxd4 {[%clk 1:33:15]} 8.cxd4 {[%clk 1:30:12]}
Nf5 {[%clk 1:33:42]} 9.Be3 {[%clk 1:28:45]} f6 {[%clk 1:33:36]}
10.exf6 {[%clk 1:24:05]} gxf6 {[%clk 1:34:03]} 11.Nc3 {[%clk 1:20:25]}
Bd7 {[%clk 1:30:59]} 12.Bd3 {[%clk 1:19:58]} Nxe3 {[%clk 1:28:43]}
13.fxe3 {[%clk 1:20:22]} Nxb4 {[%clk 1:20:00]} 14.axb4 {[%clk 1:00:54]}
Bxb4 {[%clk 1:20:21]} 15.Rc1 {[%clk 1:01:10]} Rc8 {[%clk 1:19:06]}
16.Kd2 {[%clk 1:00:35]} Qa5 {[%clk 1:18:22]} 17.Qb3 {[%clk 1:00:32]}
Ke7 {[%clk 1:01:47]} 18.Ng1 {[%clk 0:54:12]} Rc7 {[%clk 0:52:25]}
19.Nge2 {[%clk 0:52:33]} Rhc8 {[%clk 0:52:07]} 20.Rhf1 {[%clk 0:45:07]}
Ba4 {[%clk 0:48:00]} 21.Qb2 {[%clk 0:45:15]} Be8 {[%clk 0:36:54]}
22.g4 {[%clk 0:32:15]} Ba3 {[%clk 0:33:07]} 23.Qb3 {[%clk 0:27:40]}
Bxc1+ {[%clk 0:31:26]} 24.Rxc1 {[%clk 0:27:56]} b5 {[%clk 0:28:21]}
25.Rb1 {[%clk 0:24:35]} Bg6 {[%clk 0:26:01]} 26.Qxb5 {[%clk 0:22:19]}
Qxb5 {[%clk 0:25:38]} 27.Rxb5 {[%clk 0:22:30]} Bxd3 {[%clk 0:24:44]}
28.Kxd3 {[%clk 0:22:37]} a6 {[%clk 0:22:56]} 29.Ra5 {[%clk 0:20:12]}
Rc6 {[%clk 0:23:22]} 30.e4 {[%clk 0:15:06]} dxe4+ {[%clk 0:23:43]}
31.Nxe4 {[%clk 0:15:32]} Kf7 {[%clk 0:17:09]} 32.Nc5 {[%clk 0:13:32]}
e5 {[%clk 0:14:12]} 33.Kc4 {[%clk 0:08:23]} exd4 {[%clk 0:14:07]}
34.Nxd4 {[%clk 0:08:45]} Rd6 {[%clk 0:13:24]} 35.Kd3 {[%clk 0:04:11]}
Rd5 {[%clk 0:11:41]} 36.Kc4 {[%clk 0:04:33]} Rg5 {[%clk 0:10:44]}
37.h3 {[%clk 0:04:16]} Re5 {[%clk 0:07:13]} 38.Nf5 {[%clk 0:04:00]}
Rc6 {[%clk 0:07:07]} 39.Nd4 {[%clk 0:02:47]} Rc7 {[%clk 0:06:46]}
40.Nf5 {[%clk 0:32:29]} h5 {[%clk 0:35:31]} 41.Nd6+ {[%clk 0:22:13]}
Kg6 {[%clk 0:31:28]} 42.Kd4 {[%clk 0:21:31]} hxg4 {[%clk 0:23:39]}
43.hxg4 {[%clk 0:21:48]} Rg5 {[%clk 0:20:02]} 44.Nde4 {[%clk 0:20:51]}
Rxg4 {[%clk 0:20:00]} 45.Rxa6 {[%clk 0:21:06]} Rf7 {[%clk 0:18:45]}
46.Ke3 {[%clk 0:20:19]} Rh4 {[%clk 0:16:50]} 47.Kf3 {[%clk 0:19:55]}
Rh6 {[%clk 0:16:31]} 48.Kg4 {[%clk 0:18:20]} Kg7 {[%clk 0:16:36]}
49.Ne6+ {[%clk 0:17:49]} Kg6 {[%clk 0:14:20]} 50.Nf4+ {[%clk 0:17:23]}
Kg7 {[%clk 0:14:04]} 1/2-1/2

[Event "Russian Women's Higher League 2021"]
[Site "?"]
[Date "2021.07.05"]
[Round "9.20"]
[White "Yakimova, Mariya"]
[Black "Kostornichenko, Yana"]
[Result "1-0"]
[WhiteElo "2200"]
[BlackElo "1773"]
[Annotator ""]
[Source ""]
[Remark ""]

1.d4 {[%clk 1:22:06]} Nf6 {[%clk 1:30:53]} 2.c4 {[%clk 1:22:33]}
e6 {[%clk 1:31:15]} 3.g3 {[%clk 1:23:00]} c5 {[%clk 1:31:13]}
4.d5 {[%clk 1:23:26]} exd5 {[%clk 1:31:31]} 5.cxd5 {[%clk 1:23:53]}
d6 {[%clk 1:31:53]} 6.Nc3 {[%clk 1:24:21]} g6 {[%clk 1:32:13]}
7.Bg2 {[%clk 1:24:49]} Bg7 {[%clk 1:32:28]} 8.Nf3 {[%clk 1:25:14]}
O-O {[%clk 1:32:16]} 9.O-O {[%clk 1:25:37]} a6 {[%clk 1:31:28]}
10.a4 {[%clk 1:26:03]} Nbd7 {[%clk 1:31:50]} 11.Bf4 {[%clk 1:25:05]}
Qe7 {[%clk 1:32:11]} 12.Re1 {[%clk 1:24:55]} Ng4 {[%clk 1:31:30]}
13.h3 {[%clk 1:20:32]} Nge5 {[%clk 1:31:16]} 14.Nd2 {[%clk 1:20:51]}
g5 {[%clk 1:27:39]} 15.Bxe5 {[%clk 1:19:41]} Nxe5 {[%clk 1:26:36]}
16.e4 {[%clk 1:17:58]} Bd7 {[%clk 1:23:53]} 17.a5 {[%clk 1:11:01]}
Qf6 {[%clk 1:14:44]} 18.Re2 {[%clk 1:00:00]} Qh6 {[%clk 1:11:20]}
19.Qf1 {[%clk 0:59:11]} Rab8 {[%clk 1:05:43]} 20.Re3 {[%clk 0:50:00]}
b5 {[%clk 0:56:20]} 21.axb6 {[%clk 0:50:06]} Rxb6 {[%clk 0:56:38]}
22.b3 {[%clk 0:40:43]} Bb5 {[%clk 0:47:35]} 23.Nxb5 {[%clk 0:34:38]}
axb5 {[%clk 0:47:57]} 24.Ra7 {[%clk 0:32:40]} Qf6 {[%clk 0:41:02]}
25.Nf3 {[%clk 0:29:48]} Qd8 {[%clk 0:40:00]} 26.Qe2 {[%clk 0:24:25]}
Ng6 {[%clk 0:31:55]} 27.Nh2 {[%clk 0:22:37]} Qb8 {[%clk 0:31:05]}
28.Ra2 {[%clk 0:22:54]} Qc7 {[%clk 0:30:51]} 29.Bf1 {[%clk 0:21:26]}
Rc8 {[%clk 0:30:08]} 30.Rc2 {[%clk 0:20:25]} Qd7 {[%clk 0:19:50]}
31.Qh5 {[%clk 0:20:05]} Qe7 {[%clk 0:18:12]} 32.Ng4 {[%clk 0:14:02]}
Bd4 {[%clk 0:15:46]} 33.Nh6+ {[%clk 0:13:30]} Kh8 {[%clk 0:15:39]}
34.Nf5 {[%clk 0:10:15]} Qd8 {[%clk 0:15:01]} 35.Nxd4 {[%clk 0:09:31]}
cxd4 {[%clk 0:15:23]} 36.Rxc8 {[%clk 0:09:59]} Qxc8 {[%clk 0:15:45]}
37.Rf3 {[%clk 0:10:27]} Ne5 {[%clk 0:13:18]} 38.Rf5 {[%clk 0:09:15]}
Qg8 {[%clk 0:08:08]} 39.Kg2 {[%clk 0:08:07]} g4 {[%clk 0:05:35]}
40.hxg4 {[%clk 0:36:56]} Qg6 {[%clk 0:31:42]} 41.Rxe5 {[%clk 0:34:46]}
dxe5 {[%clk 0:31:52]} 42.Qxe5+ {[%clk 0:35:14]} Qg7 {[%clk 0:28:36]}
43.Qc7 {[%clk 0:33:44]} Qg6 {[%clk 0:27:07]} 44.Bd3 {[%clk 0:30:27]}
h6 {[%clk 0:23:32]} 45.Qc5 {[%clk 0:30:05]} Rb8 {[%clk 0:20:29]}
46.Qxd4+ {[%clk 0:30:11]} Qg7 {[%clk 0:20:16]} 47.e5 {[%clk 0:26:32]}
Re8 {[%clk 0:20:17]} 48.d6 {[%clk 0:26:08]} Qxe5 {[%clk 0:19:52]}
49.d7 {[%clk 0:26:24]} Qxd4 {[%clk 0:19:53]} 50.dxe8Q+ {[%clk 0:26:46]}
Kg7 {[%clk 0:20:15]} 51.Qe4 {[%clk 0:27:11]} Qc5 {[%clk 0:20:28]}
52.Qh7+ {[%clk 0:27:34]} Kf8 {[%clk 0:20:49]} 53.Qxh6+ {[%clk 0:27:59]}
Ke7 {[%clk 0:21:14]} 54.Qe3+ {[%clk 0:28:22]} 1-0

[Event "Russian Women's Higher League 2021"]
[Site "?"]
[Date "2021.07.05"]
[Round "9.21"]
[White "Iljushina, Olga"]
[Black "Filippova, Margarita"]
[Result "1-0"]
[WhiteElo "2150"]
[BlackElo "2075"]
[Annotator ""]
[Source ""]
[Remark ""]

1.d4 {[%clk 1:30:58]} Nf6 {[%clk 1:30:56]} 2.c4 {[%clk 1:31:22]}
e6 {[%clk 1:31:23]} 3.Nc3 {[%clk 1:31:43]} Bb4 {[%clk 1:31:48]}
4.Nf3 {[%clk 1:31:46]} O-O {[%clk 1:32:05]} 5.e3 {[%clk 1:32:13]}
Re8 {[%clk 1:32:08]} 6.Bd3 {[%clk 1:31:28]} d6 {[%clk 1:32:13]}
7.O-O {[%clk 1:29:19]} Bxc3 {[%clk 1:28:48]} 8.bxc3 {[%clk 1:29:45]}
Nbd7 {[%clk 1:28:39]} 9.e4 {[%clk 1:25:14]} e5 {[%clk 1:29:01]}
10.Re1 {[%clk 1:25:11]} Nf8 {[%clk 1:28:13]} 11.Ba3 {[%clk 1:09:19]}
Bg4 {[%clk 1:25:26]} 12.h3 {[%clk 1:08:45]} Bh5 {[%clk 1:23:33]}
13.Rb1 {[%clk 1:06:28]} b6 {[%clk 1:22:33]} 14.c5 {[%clk 1:04:52]}
dxc5 {[%clk 1:15:48]} 15.dxc5 {[%clk 1:00:35]} c6 {[%clk 1:04:20]}
16.Ba6 {[%clk 0:55:36]} Qc7 {[%clk 0:58:48]} 17.Qd6 {[%clk 0:41:03]}
Qxd6 {[%clk 0:57:32]} 18.cxd6 {[%clk 0:41:31]} Bxf3 {[%clk 0:57:25]}
19.gxf3 {[%clk 0:41:57]} Rad8 {[%clk 0:56:07]} 20.Rbd1 {[%clk 0:41:46]}
Rd7 {[%clk 0:55:30]} 21.f4 {[%clk 0:34:59]} Ng6 {[%clk 0:46:47]}
22.fxe5 {[%clk 0:27:40]} Nxe5 {[%clk 0:44:47]} 23.Kg2 {[%clk 0:25:03]}
Nh5 {[%clk 0:37:46]} 24.Bc1 {[%clk 0:20:38]} b5 {[%clk 0:30:57]}
25.f4 {[%clk 0:19:25]} Nc4 {[%clk 0:29:24]} 26.a4 {[%clk 0:17:19]}
Rxd6 {[%clk 0:19:05]} 27.axb5 {[%clk 0:16:54]} c5 {[%clk 0:16:59]}
28.Rxd6 {[%clk 0:14:48]} Nxd6 {[%clk 0:17:25]} 29.Kf3 {[%clk 0:12:53]}
Nf6 {[%clk 0:11:47]} 30.e5 {[%clk 0:12:53]} Nf5 {[%clk 0:10:57]}
31.Rd1 {[%clk 0:12:26]} Nh4+ {[%clk 0:09:11]} 32.Kg3 {[%clk 0:08:14]}
Nf5+ {[%clk 0:09:37]} 33.Kh2 {[%clk 0:08:19]} Ne4 {[%clk 0:09:58]}
34.Rd7 {[%clk 0:06:32]} Nxc3 {[%clk 0:10:08]} 35.Rxa7 {[%clk 0:06:46]}
Nd5 {[%clk 0:08:25]} 36.Bb7 {[%clk 0:05:33]} Nfe7 {[%clk 0:05:37]}
37.Bxd5 {[%clk 0:03:45]} Nxd5 {[%clk 0:06:04]} 38.Rd7 {[%clk 0:04:08]}
Nb6 {[%clk 0:05:39]} 39.Rd6 {[%clk 0:01:56]} Rb8 {[%clk 0:04:12]}
40.Rc6 {[%clk 0:31:34]} h6 {[%clk 0:31:50]} 41.Rxc5 {[%clk 0:31:32]}
Nd7 {[%clk 0:28:15]} 42.Rd5 {[%clk 0:30:11]} Nb6 {[%clk 0:25:39]}
43.Rd4 {[%clk 0:28:07]} Kh7 {[%clk 0:24:58]} 44.f5 {[%clk 0:23:13]}
Na8 {[%clk 0:21:33]} 45.Rd5 {[%clk 0:20:00]} Nb6 {[%clk 0:18:35]}
46.Rd4 {[%clk 0:18:20]} Na8 {[%clk 0:18:58]} 47.Ra4 {[%clk 0:13:53]}
Nb6 {[%clk 0:14:30]} 48.Re4 {[%clk 0:14:04]} g6 {[%clk 0:08:58]}
49.f6 {[%clk 0:06:29]} Nd5 {[%clk 0:07:06]} 50.Ba3 {[%clk 0:05:11]}
g5 {[%clk 0:02:53]} 51.Rd4 {[%clk 0:01:31]} Nf4 {[%clk 0:00:57]}
52.Rb4 {[%clk 0:01:27]} Kg6 {[%clk 0:00:56]} 53.b6 {[%clk 0:01:35]}
Nd5 {[%clk 0:01:05]} 54.Rb5 {[%clk 0:01:57]} Nc3 {[%clk 0:00:56]}
55.Rb3 {[%clk 0:02:13]} Ne4 {[%clk 0:00:59]} 56.b7 {[%clk 0:02:06]}
Kf5 {[%clk 0:01:15]} 57.Rb5 {[%clk 0:00:45]} Ke6 {[%clk 0:01:15]}
58.Bb4 {[%clk 0:00:45]} Kd7 {[%clk 0:01:23]} 59.Ba5 {[%clk 0:00:55]}
Kc6 {[%clk 0:01:21]} 60.Rb6+ {[%clk 0:01:16]} Kc5 {[%clk 0:01:33]}
61.Rb4 {[%clk 0:01:05]} Nc3 {[%clk 0:00:52]} 62.Bc7 {[%clk 0:01:12]}
Kxb4 {[%clk 0:01:05]} 63.Bxb8 1-0